| 000 | 00941cab a2200217 4500 | ||
|---|---|---|---|
| 001 | ABS51240 | ||
| 008 | 090401t1994 xxu||||| |||| 00| 0 eng d | ||
| 035 | _a(Sirsi) u16636 | ||
| 041 | _aeng | ||
| 100 | _aBolton, A. | ||
| 245 | _aFeeding the market | ||
| 260 | _c1994 | ||
| 350 | _a0 | ||
| 490 |
_aNew Builder _v19/26 August 1994, 18-19(2) |
||
| 520 | _aDespite a developing trend amongst retailers to seek to cut the costs of building new stores so that they can maintain their profit margins, the top three food retailers expect to spend £1500m on new store construction in 1994. Looks at this against a background of contractors being squeezed by absorbing costs, investment in refurbishment of shopping malls and the effect of PPG13 curtailing out-of-town development. | ||
| 650 | _aPROSPECTS | ||
| 650 | _aRETAIL DEVELOPMENT | ||
| 690 | _aPROPERTY-COMMERCIAL PROPERTY-RETAIL PROPERTY | ||
| 942 | _n0 | ||
| 948 | _c04/03/1997 | ||
| 999 |
_c10981 _d10981 |
||